Europa en la edad media

Uloženo v:
Podrobná bibliografie
Hlavní autor: Duby, Georges (Autor)
Médium: Kniha
Jazyk:španělština
Vydáno: Barcelona Paidos 1990
Vydání:2a. ed
Edice:Paidós Studio Básica, 33
Témata:
Tagy: Přidat tag
Žádné tagy, Buďte první, kdo vytvoří štítek k tomuto záznamu!

MARC

LEADER 00000nam a2200000 a 4500
001 UCX4102
003 CL-VaPUC
005 20240625152705.0
008 920317e19900000SP |||||||||||||||||spa|d
999 |c 224670  |d 224668 
040 |c Pontificia Universidad Católica de Valparaíso 
082 0 4 |a 940.1  |b DUB  |2 21 
100 0 |a Duby, Georges  |e author  |9 320240 
245 1 0 |a Europa en la edad media 
250 |a 2a. ed 
260 |a Barcelona  |b Paidos  |c 1990 
300 |a 185 p 
490 0 |a Paidós Studio Básica, 33 
583 |a last modification  |c 19920317 00:00:00  |k Rodrigo Vera 
650 7 |a Feudalismo  |2 CL-VaPUC  |9 268890 
650 7 |a Edad media  |x Historia  |y Hasta 1500  |9 889739 
651 0 |a Europa  |9 255156  |x Historia  |y Siglos 5-15 
942 |c BK  |2 ddc 
945 |d 19920317 00:00:00 
952 |0 0  |1 0  |2 ddc  |4 0  |6 940_100000000000000_DUB_1990  |7 1  |8 R  |9 221502  |a BIBHIS  |b BIBHIS  |d 2019-11-15  |i 2902907  |o 940.1 DUB 1990  |p 2902907  |r 2024-01-30  |w 2019-11-15  |y BK_R  |k HIS